Introduction to Physics (Record no. 194188)

000 -LEADER
fixed length control field 00492 a2200157 4500
003 - CONTROL NUMBER IDENTIFIER
control field Nust
005 - DATE AND TIME OF LATEST TRANSACTION
control field 20170207154118.0
040 ## - CATALOGING SOURCE
Transcribing agency Nust
082 ## - DEWEY DECIMAL CLASSIFICATION NUMBER
Classification number 530
100 ## - MAIN ENTRY--PERSONAL NAME
Personal name A. Kitaigorodsky
245 ## - TITLE STATEMENT
Title Introduction to Physics
260 ## - PUBLICATION, DISTRIBUTION, ETC.
Place of publication, distribution, etc. Moscow
Name of publisher, distributor, etc. Foreign languages
Date of publication, distribution, etc. 1931
300 ## - PHYSICAL DESCRIPTION
Extent xii:710 pages
505 ## - FORMATTED CONTENTS NOTE
Formatted contents note Part.1- Mechanical and Thermal Motion(Page-19) Part.2- Electromagnetic Fields(Page-226) Part.3- Structure and Properties of Matter (Page-443)
538 ## - SYSTEM DETAILS NOTE
System details note Almirah No. 15 Shelf No. 3
942 ## - ADDED ENTRY ELEMENTS (KOHA)
Source of classification or shelving scheme
Koha item type Book
Holdings
Withdrawn status Lost status Source of classification or shelving scheme Damaged status Not for loan Collection code Permanent Location Current Location Date acquired Total Checkouts Full call number Barcode Date last seen Price effective from Koha item type
            Military College of Signals (MCS) Military College of Signals (MCS) 12/12/2016   530 KIT MCS6041 12/08/2016 12/12/2016 Book
© 2023 Central Library, National University of Sciences and Technology. All Rights Reserved.